FoxPro Snadno a rychle

Na minha lista:
Detalhes bibliográficos
Autor principal: Bílek, Jan
Formato: Livro
Idioma:tcheco
Publicado em: Praha Grada 1991
Edição:1. vyd.
Tags: Adicionar Tag
Sem tags, seja o primeiro a adicionar uma tag!

MARC

LEADER 00000nam a2200000 4500
001 c000399
005 20250609101410.9
020 |a 80-85424-09-6 
041 0 |a cze 
044 |a CZ 
245 1 0 |a FoxPro  |b Snadno a rychle  |c Jan Bílek 
250 |a 1. vyd. 
264 1 |a Praha  |b Grada  |c 1991 
300 |a 248 s. 
100 1 |a Bílek, Jan